Cadangan-cadangan perbelanjaan tahunan (Record no. 65570)

MARC details
000 -LEADER
fixed length control field 00750nam a2200253 i 4500
001 - CONTROL NUMBER
control field C2-0252555
003 - CONTROL NUMBER IDENTIFIER
control field PPAK
005 - DATE AND TIME OF LATEST TRANSACTION
control field 20180727215722.0
008 - FIXED-LENGTH DATA ELEMENTS--GENERAL INFORMATION
fixed length control field 031113s1990 my |||| ||||| | may d
040 ## - CATALOGING SOURCE
Original cataloging agency PPAK
Language of cataloging eng
Transcribing agency PPAK
Description conventions rda
082 04 - DEWEY DECIMAL CLASSIFICATION NUMBER
Classification number 352.48
Edition number 23
090 00 - LOCALLY ASSIGNED LC-TYPE CALL NUMBER (OCLC); LOCAL CALL NUMBER (RLIN)
Classification number (OCLC) (R) ; Classification number, CALL (RLIN) (NR) 352.48
Feature heading CAD
Feature heading KK
110 2# - MAIN ENTRY--CORPORATE NAME
Corporate name or jurisdiction name as entry element Perbendaharaan Malaysia
245 00 - TITLE STATEMENT
Title Cadangan-cadangan perbelanjaan tahunan
264 #1 - PRODUCTION, PUBLICATION, DISTRIBUTION, MANUFACTURE, AND COPYRIGHT NOTICE
Place of production, publication, distribution, manufacture Kuala Lumpur :
Name of producer, publisher, distributor, manufacturer Perbendaharaan Malaysia ,
Date of production, publication, distribution, manufacture, or copyright notice 1990
300 ## - PHYSICAL DESCRIPTION
Extent iii, 60 pages ;
Dimensions 30 cm
336 ## - CONTENT TYPE
Source rdacontent
Content type term text
337 ## - MEDIA TYPE
Source rdamedia
Media type term unmediated
338 ## - CARRIER TYPE
Source rdacarrier
Carrier type term volume
500 ## - GENERAL NOTE
General note Pekeliling perbendaharaan bil. 5
650 10 - SUBJECT ADDED ENTRY--TOPICAL TERM
Topical term or geographic name entry element Budget - Malaysia - Periodicals
710 2# - ADDED ENTRY--CORPORATE NAME
Corporate name or jurisdiction name as entry element Perbendaharaan Malaysia
Relator term organizer
942 ## - ADDED ENTRY ELEMENTS (KOHA)
-- dc
Koha item type Book
Holdings
Withdrawn Not for loan Current library Shelving location Date acquired Full call number Barcode Date last seen Koha item type
  Not For Loan Perpustakaan Alor Setar Koleksi Kedah 13/11/2003 KK 352.48 CAD A00360049 08/05/2018 Book
  Not For Loan Perpustakaan Alor Setar Koleksi Kedah 14/03/2011 KK 352.48 CAD A00360702 08/05/2018 Book
  Not For Loan Perpustakaan Alor Setar Koleksi Kedah 25/01/2007 KK 352.48 CAD A00360658 08/05/2018 Book